000
00313nam a22001337a 4500
008
171010b xxu||||| |||| 00| 0 eng d
020
_a
9780205197941
041
_a
eng
080
_2
3 ED
_a
316
100
_a
50
101
_a
SOC
245
_a
HUMAN SERVICES POLICU AND PRACTCE
_c
SCHRAM.B
942
_2
udc
_c
BK
999
_c
33008
_d
33008